Music Quiz

Random Music or Kpop Quiz

CAN YOU NAME THIS 40 KPOP IDOLS? [MALE VER.] Quiz Stats

 Plays Quiz not verified by Sporcle

Challenge
Share
Tweet
Score 0/40 Timer 15:00
0 Plays Today
% Correct
EXO - SEHUN
94.4%
GOT7 - JINYOUNG
92.9%
BTS - J-HOPE
92.3%
VIXX - KEN
87%
SUPER JUNIOR - KYUHYUN
86.4%
MONSTA X - JOOHEON
82%
BTOB - SUNGJAE
80.5%
SHINEE - JONGHYUN
78.5%
BIGBANG - SEUNGRI
77.3%
NCT - MARK
77%
NU'EST - REN
76.1%
ERIC NAM
75.8%
TEEN TOP - NIEL
73.2%
SEVENTEEN - WONWOO
70.8%
INFINITE - SUNGJONG
69.3%
ASTRO - ROCKY
68.1%
2PM - NICHKHUN
67%
HIGHLIGHT - DOOJOON
65.5%
BLOCK B - KYUNG
63.7%
IKON - JINHWAN
63.1%
% Correct
K.A.R.D - B.M
61.1%
TVXQ - CHANGMIN
59.9%
WINNER - SEUNGHOON
57.8%
JYJ - JUNSU
56.3%
B1A4 - JINYOUNG
55.2%
NCT DREAM - JENO
53.7%
DAY6 - WONPIL
50.4%
KNK - JIHUN
43.4%
UP10TION - JINHOO
40.4%
PENTAGON - KINO
37.2%
SF9 - DAWON
35.4%
CNBLUE - JONGHYUN
35.1%
MADTOWN - JOTA
26.5%
VICTON - SUBIN
24.2%
B.I.G - BENJI
24.2%
UNIQ - SEUNGYEON
19.2%
HOTSHOT - TIMOTEO
17.7%
IMFACT - JEUP
13.3%
SNUPER - SANGIL
8.6%
VAV - JACOB
7.7%

You're not logged in!

Compare scores with friends on all Sporcle quizzes.
Join for Free
OR
Log In

You Might Also Like...

Show Comments

Extras

Created May 1, 2017ReportNominate
Tags:Kpop Quiz, idol, male, ver

Top Quizzes Today


Score Distribution

Your Account Isn't Verified!

In order to create a playlist on Sporcle, you need to verify the email address you used during registration. Go to your Sporcle Settings to finish the process.

Report this User

Report this user for behavior that violates our Community Guidelines.

Details: